000 00695nam a2200217 4500
001 145356
003 ES-MaACL
005 20260112153653.0
007 t|
008 070214s1911 it r ||||1| ita d
100 1 _aSpaventa, Bertrando.
_9107654
245 1 0 _aLogica e metafisica /
_cBertrando Spaventa.
250 _anuova edizione con l'aggiunta di parti inedite
_ba cura di Giovanni Gentile.
260 _aBari :
_bGius Laterza,
_c1911.
300 _aXI, 456 p. ;
_c21 cm.
490 1 _aBiblioteca di cultura moderna
700 1 _aGentile, Giovanni,
_d1875-1944
_956357
830 0 _aBiblioteca di cultura moderna
_9182552
852 _aES-MaACL
_jF-4997
999 _c145356
_d145356